| 000 | 004420000a22001810004500 | ||
|---|---|---|---|
| 003 | MACL | ||
| 005 | 20160109113241.0 | ||
| 008 | 160109b xxu||||| |||| 00| 0 eng d | ||
| 040 |
_aMACL _cMACL |
||
| 041 | _aEnglish | ||
| 082 | _a621.388 | ||
| 100 |
_aOwen, David _930155 |
||
| 245 | _aThe Complete Handbook of Video | ||
| 260 |
_bPenguin Books _c1982 _aU.S.A |
||
| 350 | _a111 | ||
| 650 |
_aEngineering _930156 |
||
| 942 |
_cBK _k621.388 _2ddc |
||
| 999 |
_c34298 _d34298 |
||